Valuation of Hotels (Record no. 107389)
[ view plain ]
| 000 -LEADER | |
|---|---|
| fixed length control field | 01481cam a22002535a 4500 |
| 001 - CONTROL NUMBER | |
| control field | L139967 |
| 008 - FIXED-LENGTH DATA ELEMENTS--GENERAL INFORMATION | |
| fixed length control field | 070823s2008 xxk f 000 0 eng d |
| 020 ## - INTERNATIONAL STANDARD BOOK NUMBER | |
| International Standard Book Number | 9780728205222 |
| 035 ## - SYSTEM CONTROL NUMBER | |
| System control number | (Sirsi) u139967 |
| 041 0# - LANGUAGE CODE | |
| Language code of text/sound track or separate title | eng |
| 050 04 - LIBRARY OF CONGRESS CALL NUMBER | |
| Classification number | 333.332 $2 18 |
| 100 1# - MAIN ENTRY--PERSONAL NAME | |
| Personal name | Harper, David |
| 245 00 - TITLE STATEMENT | |
| Title | Valuation of Hotels |
| 260 ## - PUBLICATION, DISTRIBUTION, ETC. | |
| Place of publication, distribution, etc. | London |
| Name of publisher, distributor, etc. | EG Books |
| Date of publication, distribution, etc. | 2008 |
| 300 ## - PHYSICAL DESCRIPTION | |
| Extent | ix, 197p. |
| Dimensions | 25cm. |
| 350 ## - PRICE (NR) (BK AM CF MU VM SE) [OBSOLETE] | |
| Price | 39.99 |
| 505 2# - FORMATTED CONTENTS NOTE | |
| Formatted contents note | Things to consider when buying a hotel and how to avoid potential pitfalls -- Understanding the trading potential of the hotel -- Other enquiries required to assess the value of the hotel -- Fundamental principles behind the hotel investment market -- The purpose of the valuation and statutory guidance -- Methodology for capital valuations -- Yield selection and valuation multipliers -- The treatment of capital expenditure -- Methodology for assessing market rent -- Methodology for calculating rateable values in the UK -- Site values and how they are determined -- Valuation with special assumptions for secured lending purposes -- IFRS 15 apportionments -- Concluding summary |
| 520 ## - SUMMARY, ETC. | |
| Summary, etc. | Discusses issues to do with property within the hotel sector, including how to assess the value and trading potential of a hotel property, and the hotel investment market. |
| 590 ## - LOCAL NOTE (RLIN) | |
| Local note | KA |
| 651 #4 - SUBJECT ADDED ENTRY--GEOGRAPHIC NAME | |
| Geographic name | United Kingdom |
| Chronological subdivision | |
| 690 ## - LOCAL SUBJECT ADDED ENTRY--TOPICAL TERM (OCLC, RLIN) | |
| Topical term or geographic name as entry element | PROPERTY-COMMERCIAL PROPERTY-LEISURE PROPERTY-HOLIDAY AND GUEST PROPERTY-HOTEL PROPERTY |
| 942 ## - ADDED ENTRY ELEMENTS (KOHA) | |
| Suppress in OPAC | 0 |
| Withdrawn status | Lost status | Source of classification or shelving scheme | Damaged status | Not for loan | Home library | Current library | Shelving location | Date acquired | Cost, normal purchase price | Total Checkouts | Full call number | Barcode | Date last seen | Date last checked out | Copy number | Cost, replacement price | Price effective from | Koha item type |
|---|---|---|---|---|---|---|---|---|---|---|---|---|---|---|---|---|---|---|
| Dewey Decimal Classification | London | London | Books | 06/03/2008 | 39.99 | 12 | 333.332 HAR | 30072719 | 06/08/2019 | 06/11/2009 | 1 | 39.99 | 06/08/2019 | Book |